[Event "40th Olympiad Open"]
[Site "Istanbul TUR"]
[Date "2012.08.29"]
[Round "2.14"]
[Board "4"]
[White "Kozul, Zdenko"]
[Black "Khamrakulov, Djurabek"]
[Result "1-0"]
[WhiteTitle "GM"]
[BlackTitle "IM"]
[WhiteElo "2616"]
[BlackElo "2454"]
[WhiteTeam "Croatia"]
[BlackTeam "Uzbekistan"]
[WhiteFideId "14502879"]
[BlackFideId "14201143"]
[EventDate "2012.08.28"]

1. d4 Nf6 2. c4 e6 3. Nf3 c5 4. d5 b5 5. Bg5 exd5 6. cxd5 h6 7. Bxf6 Qxf6 8. Qc2
Be7 9. e4 Qb6 10. a4 bxa4 11. Nfd2 Na6 12. Nc4 Nb4 13. Qd2 Qg6 14. Nc3 f5 15. e5
f4 16. Rxa4 f3 17. gxf3 O-O 18. h4 Rxf3 19. d6 Bd8 20. Rxb4 cxb4 21. Qd5+ Rf7
22. Bd3 Qg4 23. Qxa8 bxc3 24. bxc3 Bxh4 25. Rf1 Rxf2 26. Rxf2 Qg1+ 27. Ke2 Qxf2+
28. Kd1 Qg1+ 29. Kc2 Qf2+ 30. Nd2 Qf8 31. Qe4 Bg5 32. Nf3 Qf4 33. Qh7+ Kf7 34.
Bg6+ 1-0

[Event "40th Olympiad Open"]
[Site "Istanbul TUR"]
[Date "2012.08.29"]
[Round "2.15"]
[Board "2"]
[White "Tikkanen, Hans"]
[Black "Markus, Robert"]
[Result "1/2-1/2"]
[WhiteTitle "GM"]
[BlackTitle "GM"]
[WhiteElo "2570"]
[BlackElo "2599"]
[WhiteTeam "Sweden"]
[BlackTeam "Serbia"]
[WhiteFideId "1706446"]
[BlackFideId "921637"]
[EventDate "2012.08.28"]

1. d4 Nf6 2. c4 g6 3. Nc3 Bg7 4. e4 d6 5. h3 O-O 6. Be3 Na6 7. Nf3 Qe8 8. c5
dxc5 9. dxc5 b6 10. e5 Nd7 11. Bb5 bxc5 12. Qe2 Nab8 13. e6 fxe6 14. Ng5 c6 15.
Bc4 Ne5 16. Bxe6+ Kh8 17. Bxc8 Qxc8 18. f4 Nf7 19. Nce4 Nxg5 20. Nxg5 h6 21. Nf3
Qe6 22. O-O Nd7 23. Rae1 Kh7 24. Bc1 Qxe2 25. Rxe2 Bf6 26. g4 Nb6 27. g5 hxg5
28. fxg5 Bg7 29. Rxe7 Nd5 30. Rd7 Rfd8 31. Rf7 Rf8 32. Rd7 Rfd8 33. Rf7 Rf8 1/2-1/2

[Event "40th Olympiad Open"]
[Site "Istanbul TUR"]
[Date "2012.08.29"]
[Round "2.15"]
[Board "3"]
[White "Perunovic, Milos"]
[Black "Berg, Emanuel"]
[Result "1/2-1/2"]
[WhiteTitle "GM"]
[BlackTitle "GM"]
[WhiteElo "2614"]
[BlackElo "2576"]
[WhiteTeam "Serbia"]
[BlackTeam "Sweden"]
[WhiteFideId "921629"]
[BlackFideId "1704060"]
[EventDate "2012.08.28"]

1. e4 e6 2. d4 d5 3. Nc3 Bb4 4. e5 c5 5. a3 Bxc3+ 6. bxc3 Ne7 7. h4 Qa5 8. Bd2
Nbc6 9. h5 Qa4 10. Nf3 cxd4 11. cxd4 Nxd4 12. Bd3 Nec6 13. Kf1 Nf5 14. Rb1 Qxa3
15. g4 Nfe7 16. Rb3 Qc5 17. Rb5 Qa3 18. Rb3 Qc5 19. h6 gxh6 20. Rb5 Qa3 21. Rb3
Qc5 22. Rb5 Qa3 23. Rb3 1/2-1/2

[Event "40th Olympiad Open"]
[Site "Istanbul TUR"]
[Date "2012.08.29"]
[Round "2.15"]
[Board "4"]
[White "Smith, Axel"]
[Black "Sedlak, Nikola"]
[Result "0-1"]
[WhiteTitle "IM"]
[BlackTitle "GM"]
[WhiteElo "2503"]
[BlackElo "2549"]
[WhiteTeam "Sweden"]
[BlackTeam "Serbia"]
[WhiteFideId "1707930"]
[BlackFideId "922900"]
[EventDate "2012.08.28"]

1. Nf3 d5 2. d4 Nf6 3. c4 c6 4. Nc3 Qb6 5. e3 Bg4 6. h3 Bxf3 7. Qxf3 e6 8. Bd3
Nbd7 9. O-O Be7 10. Rd1 O-O 11. b3 Rfe8 12. Bb2 Bf8 13. e4 dxe4 14. Nxe4 Rad8
15. Nxf6+ Nxf6 16. Re1 Rxd4 17. Bxd4 Qxd4 18. Qe3 Qxe3 19. fxe3 Ba3 20. Rad1 Kf8
21. Bc2 Ke7 22. Rd3 a5 23. Red1 h5 24. Kf1 h4 25. Ke2 Rh8 26. Kf3 Bc5 27. Kf2 g5
28. Kf3 Rg8 29. R3d2 g4+ 30. hxg4 Rxg4 31. Rd7+ Kf8 32. Rxb7 Rg3+ 33. Ke2 Rxg2+
34. Kd3 h3 35. Kc3 h2 36. Rh1 Bxe3 37. Bd1 Bf4 38. Kd3 Rd2+ 39. Kc3 Ne4# 0-1

[Event "40th Olympiad Open"]
[Site "Istanbul TUR"]
[Date "2012.08.29"]
[Round "2.16"]
[Board "3"]
[White "Paragua, Mark"]
[Black "Vedmediuc, Serghei"]
[Result "1/2-1/2"]
[WhiteTitle "GM"]
[BlackTitle "IM"]
[WhiteElo "2508"]
[BlackElo "2468"]
[WhiteTeam "Philippines"]
[BlackTeam "Moldova"]
[WhiteFideId "5201241"]
[BlackFideId "13900790"]
[EventDate "2012.08.28"]

1. e4 g6 2. d4 Bg7 3. Nc3 c6 4. f4 d5 5. e5 Nh6 6. Nf3 O-O 7. Bd3 Bg4 8. h3 Bxf3
9. Qxf3 f6 10. exf6 Bxf6 11. Be3 Qb6 12. O-O e6 13. Na4 Qc7 14. Nc5 Qe7 15. g4
Bg7 16. Qg2 Nd7 17. Nb3 Kh8 18. Rae1 Rae8 19. c3 Nf7 20. Nd2 g5 21. fxg5 Nxg5
22. h4 Nf7 23. g5 e5 24. g6 Nd6 25. Bg5 Rxf1+ 26. Nxf1 Qe6 27. gxh7 e4 28. Be2
Nf6 29. Ne3 Nxh7 30. Bg4 Qg6 31. Bf4 Nf7 32. Rf1 Bh6 33. Bd7 Qxg2+ 34. Nxg2 Re7
35. Bf5 Bxf4 36. Nxf4 Nf8 37. Kf2 Nd6 38. Bh3 Rf7 39. Ke2 Kh7 40. h5 Kh6 41. b3
Rf6 42. Ke3 Nh7 43. a4 Nf5+ 44. Bxf5 Rxf5 45. Ke2 Nf6 46. Ne6 Rxf1 47. Kxf1 Ne8
48. a5 a6 49. c4 Kxh5 50. cxd5 cxd5 51. Nf4+ Kg4 52. Nxd5 Kf3 53. Nb6 Ke3 54. d5
Kd4 55. Ke2 Nd6 56. Kd2 Nb5 57. Kc2 Na3+ 58. Kb2 Nb5 59. Kc2 Nd6 60. Kd2 Nf5 61.
Ke2 e3 62. b4 Ke4 63. Ke1 Kd3 64. Nd7 Kc3 65. Nc5 Kxb4 66. Nxb7 Kc4 67. d6 Nxd6
68. Nxd6+ Kb4 69. Nb7 Kb5 70. Ke2 Kc6 71. Nd8+ Kb5 72. Nb7 Kc6 73. Nd8+ 1/2-1/2

[Event "40th Olympiad Open"]
[Site "Istanbul TUR"]
[Date "2012.08.29"]
[Round "2.16"]
[Board "4"]
[White "Baltag, Iulian"]
[Black "Dimakiling, Oliver"]
[Result "0-1"]
[WhiteTitle "IM"]
[BlackTitle "IM"]
[WhiteElo "2396"]
[BlackElo "2428"]
[WhiteTeam "Moldova"]
[BlackTeam "Philippines"]
[WhiteFideId "13901419"]
[BlackFideId "5202248"]
[EventDate "2012.08.28"]

1. d4 Nf6 2. Nf3 d5 3. c4 e6 4. g3 a6 5. Bg2 Nc6 6. Nc3 dxc4 7. O-O Rb8 8. e4 b5
9. d5 Nb4 10. Qe2 Bc5 11. Ne5 Bd4 12. Bf4 Bxe5 13. Bxe5 Nd3 14. Bd4 O-O 15. b3
c5 16. Be3 exd5 17. Nxd5 Nxd5 18. exd5 Bb7 19. bxc4 bxc4 20. Bf4 Re8 21. Qg4 Bc8
22. Qf3 Rb2 23. Be3 Qb6 24. Qd1 Bd7 25. Bd2 Qf6 26. Be3 h6 27. a3 Qc3 28. Qf3
Rb3 29. Rad1 Qe5 30. Rd2 h5 31. Qd1 h4 32. Rc2 h3 33. Bh1 Rxa3 34. Qd2 Ra1 35.
Qc3 Rxf1+ 36. Kxf1 Qf5 37. Rd2 Rxe3 0-1

[Event "40th Olympiad Open"]
[Site "Istanbul TUR"]
[Date "2012.08.29"]
[Round "2.17"]
[Board "1"]
[White "Lupulescu, Constantin"]
[Black "Ragger, Markus"]
[Result "1-0"]
[WhiteTitle "GM"]
[BlackTitle "GM"]
[WhiteElo "2614"]
[BlackElo "2670"]
[WhiteTeam "Romania"]
[BlackTeam "Austria"]
[WhiteFideId "1207822"]
[BlackFideId "1610856"]
[EventDate "2012.08.28"]

1. d4 d5 2. c4 c6 3. Nf3 Nf6 4. e3 Bg4 5. h3 Bh5 6. Nc3 e6 7. Qb3 Qb6 8. Ne5 Be7
9. g4 Bg6 10. Qd1 Nfd7 11. Nxg6 hxg6 12. Qc2 g5 13. e4 dxc4 14. Be3 c5 15. d5
Ne5 16. Bxc4 Nxc4 17. Qa4+ Nd7 18. Qxc4 O-O 19. O-O-O Ne5 20. Qe2 Qb4 21. h4
gxh4 22. g5 f6 23. f4 Nc4 24. g6 f5 25. e5 Rfd8 26. d6 1-0

[Event "40th Olympiad Open"]
[Site "Istanbul TUR"]
[Date "2012.08.29"]
[Round "2.17"]
[Board "2"]
[White "Kindermann, Stefan"]
[Black "Marin, Mihail"]
[Result "1/2-1/2"]
[WhiteTitle "GM"]
[BlackTitle "GM"]
[WhiteElo "2498"]
[BlackElo "2548"]
[WhiteTeam "Austria"]
[BlackTeam "Romania"]
[WhiteFideId "4600053"]
[BlackFideId "1200020"]
[EventDate "2012.08.28"]

1. e4 e6 2. d4 d5 3. Nd2 Nf6 4. e5 Nfd7 5. Bd3 c5 6. c3 b6 7. Nh3 Ba6 8. Bxa6
Nxa6 9. O-O Nc7 10. Nf4 c4 11. a4 a6 12. b3 b5 13. Re1 g6 14. Nf3 Nb6 15. a5 Nc8
16. b4 Kd7 17. h4 Be7 18. g3 Na7 19. Be3 Nc6 20. Qd2 Qf8 21. Rab1 Qg7 22. Kg2 h6
23. Nh3 Rag8 24. Rh1 Ne8 25. Bf4 Bd8 26. Rbe1 Ne7 27. g4 h5 28. g5 Qf8 29. Ra1
Ng7 30. Nhg1 Ngf5 31. Ne2 Kc6 1/2-1/2

[Event "40th Olympiad Open"]
[Site "Istanbul TUR"]
[Date "2012.08.29"]
[Round "2.17"]
[Board "4"]
[White "Novkovic, Milan"]
[Black "Nevednichy, Vladislav"]
[Result "0-1"]
[WhiteTitle "IM"]
[BlackTitle "GM"]
[WhiteElo "2400"]
[BlackElo "2554"]
[WhiteTeam "Austria"]
[BlackTeam "Romania"]
[WhiteFideId "1613103"]
[BlackFideId "1205730"]
[EventDate "2012.08.28"]

1. d4 g6 2. c4 Bg7 3. e4 c5 4. d5 d6 5. Nc3 e6 6. Bd3 Ne7 7. h3 O-O 8. Nf3 exd5
9. exd5 Nd7 10. O-O Ne5 11. Nxe5 dxe5 12. Be3 b6 13. Qd2 Nf5 14. Bxf5 gxf5 15.
Bh6 f4 16. Bxg7 Kxg7 17. Rfe1 Qg5 18. Kf1 f6 19. f3 Kh8 20. Qf2 Rg8 21. Re2 Rg7
22. Rd1 Bd7 23. Ne4 Qh6 24. Ke1 Rag8 25. Kd2 f5 26. Nc3 e4 27. Kc2 e3 28. Qf1
Qd6 29. Kb1 a6 30. a4 Qe5 31. Rc2 Rg6 32. Qh1 Rb8 33. Qf1 b5 34. cxb5 axb5 35.
axb5 Rgb6 36. Qc4 Bxb5 37. Qxc5 e2 0-1

[Event "40th Olympiad Open"]
[Site "Istanbul TUR"]
[Date "2012.08.29"]
[Round "2.18"]
[Board "1"]
[White "Amin, Bassem"]
[Black "Leon Hoyos, Manuel"]
[Result "0-1"]
[WhiteTitle "GM"]
[BlackTitle "GM"]
[WhiteElo "2643"]
[BlackElo "2579"]
[WhiteTeam "Egypt"]
[BlackTeam "Mexico"]
[WhiteFideId "10601457"]
[BlackFideId "5105269"]
[EventDate "2012.08.28"]

1. e4 c5 2. d3 Nc6 3. g3 g6 4. Bg2 Bg7 5. f4 d6 6. Nf3 e6 7. O-O Nge7 8. c3 O-O
9. Be3 b6 10. d4 Ba6 11. Re1 Rc8 12. Na3 Na5 13. Qd2 Qd7 14. Rad1 Rfd8 15. b3
cxd4 16. Bxd4 Qc7 17. Bxg7 Kxg7 18. c4 Qc5+ 19. Qd4+ Kg8 20. Nc2 Nac6 21. Qxc5
dxc5 22. e5 h6 23. Kf2 g5 24. fxg5 hxg5 25. Nxg5 Rxd1 26. Rxd1 Nxe5 27. Ne3 Rb8
28. Ne4 Kg7 29. h4 Bb7 30. g4 Bxe4 31. Bxe4 Rh8 32. Kg3 N7c6 33. Bxc6 Nxc6 34.
Rd7 Ne5 35. Rxa7 Rd8 36. h5 Kf6 37. Rb7 Kg5 38. h6 Rd3 39. Kf2 Rd2+ 40. Kg3 Rd3
41. Kf2 Kxh6 42. Rxb6 Kg5 43. Ke2 Kf4 44. Nf1 Rc3 45. Rd6 Nf3 46. Kd1 Nd4 47.
Kd2 Rc2+ 48. Kd3 Rxa2 49. Nd2 Kxg4 50. Ne4 Nxb3 51. Kc3 Re2 52. Nf6+ Kf5 53. Nd7
Re3+ 54. Kc2 Ke4 55. Rb6 Nd4+ 56. Kb2 Re2+ 57. Ka3 Kd3 58. Nxc5+ Kxc4 0-1

[Event "40th Olympiad Open"]
[Site "Istanbul TUR"]
[Date "2012.08.29"]
[Round "2.18"]
[Board "3"]
[White "Labib, Ibrahim Hasan"]
[Black "Gonzalez Garcia, Jose"]
[Result "1/2-1/2"]
[WhiteTitle "IM"]
[BlackTitle "GM"]
[WhiteElo "2429"]
[BlackElo "2532"]
[WhiteTeam "Egypt"]
[BlackTeam "Mexico"]
[WhiteFideId "10600426"]
[BlackFideId "5101174"]
[EventDate "2012.08.28"]

1. e4 c5 2. Nf3 e6 3. b3 a6 4. Bb2 Nc6 5. g3 Nf6 6. e5 Ng4 7. Qe2 Qc7 8. h3 Nh6
9. g4 b5 10. Bg2 Bb7 11. O-O Be7 12. Nc3 Nd4 13. Nxd4 cxd4 14. Ne4 Qxe5 15. f4
Qc7 16. Bxd4 O-O 17. f5 exf5 18. gxf5 f6 19. c4 bxc4 20. bxc4 Rae8 21. Rae1 Bd6
22. Qd3 Be5 23. c5 Bxd4+ 24. Qxd4 Bxe4 25. Rxe4 Rxe4 26. Bxe4 Re8 27. Qd5+ Kf8
28. d4 Nf7 29. Bg2 a5 30. a4 Ng5 31. Rb1 Nf7 32. Qf3 Ng5 33. Qd5 Nf7 34. Qf3 Ng5 1/2-1/2

[Event "40th Olympiad Open"]
[Site "Istanbul TUR"]
[Date "2012.08.29"]
[Round "2.18"]
[Board "4"]
[White "Ibarra Chami, Luis Fernando"]
[Black "Abdel Razik, Khaled"]
[Result "1-0"]
[WhiteTitle "IM"]
[BlackTitle "IM"]
[WhiteElo "2481"]
[BlackElo "2448"]
[WhiteTeam "Mexico"]
[BlackTeam "Egypt"]
[WhiteFideId "5105048"]
[BlackFideId "10601104"]
[EventDate "2012.08.28"]

1. c4 e6 2. Nf3 Nf6 3. Nc3 d5 4. d4 c5 5. cxd5 exd5 6. g3 Nc6 7. Bg2 Be7 8. O-O
O-O 9. Bg5 cxd4 10. Nxd4 h6 11. Be3 Re8 12. Rc1 Bf8 13. Nxc6 bxc6 14. Na4 Bd7
15. Bc5 Bxc5 16. Nxc5 Bg4 17. Re1 Qb6 18. Qc2 Rad8 19. b3 Rd6 20. Qd2 Rdd8 21.
e3 Nd7 22. Qd4 Ne5 23. f4 Nf3+ 24. Bxf3 Bxf3 25. Kf2 Bg4 26. Rc3 Qc7 27. Rec1
Qc8 28. b4 Qf5 29. R1c2 Qh5 30. Ke1 Bf5 31. Rf2 Rb8 32. Rb3 Qg6 33. Kd2 h5 34.
Rg2 Re7 35. Kc1 Rbe8 36. Rc3 Qg4 37. Rf2 h4 38. Kb2 hxg3 39. hxg3 Qxg3 40. e4
Qg1 41. e5 Rb8 42. Ka3 Rb6 43. Rd2 Qxd4 44. Rxd4 f6 45. exf6 gxf6 46. Na4 Ra6
47. Kb3 Re2 48. Nb2 Kf7 49. a4 Rb6 50. a5 Rb7 51. Rxc6 Rbe7 52. b5 Rh2 53. Na4
Re1 54. Nc3 Rh3 55. Kb4 Rh2 56. Rxd5 Be6 57. Rd3 Rf1 58. Rd4 Rc1 59. a6 Rb2+ 60.
Ka5 Rbc2 61. Rd3 Rb2 62. Rc7+ Kg6 63. Rxa7 Kf5 64. Rc7 Kxf4 65. Ne2+ Rxe2 66.
Rxc1 Ra2+ 67. Kb6 1-0

[Event "40th Olympiad Open"]
[Site "Istanbul TUR"]
[Date "2012.08.29"]
[Round "2.20"]
[Board "3"]
[White "Michiels, Bart"]
[Black "Drasko, Milan"]
[Result "1/2-1/2"]
[WhiteTitle "IM"]
[BlackTitle "GM"]
[WhiteElo "2509"]
[BlackElo "2479"]
[WhiteTeam "Belgium"]
[BlackTeam "Montenegro"]
[WhiteFideId "202967"]
[BlackFideId "900397"]
[EventDate "2012.08.28"]

1. e4 e6 2. d4 d5 3. Nc3 Bb4 4. e5 c5 5. a3 Bxc3+ 6. bxc3 Qc7 7. Qg4 f5 8. Qg3
Nc6 9. Nf3 cxd4 10. cxd4 Nge7 11. Bd2 O-O 12. Bd3 Bd7 13. O-O Be8 14. Ng5 Qd7
15. Qe3 Nc8 16. a4 Nb6 17. Bc3 Rc8 18. Rfe1 Nc4 19. Qe2 Qe7 20. Nh3 Nb4 21. Reb1
a5 22. Bxb4 axb4 23. Qe1 Qh4 24. Qxb4 Qxd4 25. Ng5 Qxe5 26. Nxh7 Rf7 27. Ng5
Rfc7 28. Re1 Qb2 29. Qxb2 Nxb2 30. Nxe6 Nxd3 31. cxd3 Rc3 32. d4 R3c4 33. a5 Bc6
34. h4 f4 35. Re5 Re8 36. Rae1 Ra4 37. Nc7 Rxe5 38. dxe5 Kf8 39. a6 bxa6 40. Rc1
Rc4 41. Ra1 Ke7 42. Nxa6 d4 43. Kf1 d3 44. Ke1 Bxg2 45. Ra3 Be4 46. f3 Bxf3 47.
Rxd3 Bb7 48. Rd6 f3 49. Nb8 Rc1+ 50. Kf2 Rc2+ 51. Kf1 Be4 52. Rd4 Bf5 53. Rf4
Bh3+ 54. Ke1 Bg2 55. Kd1 Rc5 56. Ke1 Ke6 57. Kf2 Rc8 58. Rb4 Kxe5 59. Nd7+ Ke6
60. Nb6 Rc2+ 61. Kg3 Bh1 62. Rf4 Rg2+ 63. Kh3 Rg6 64. Nc4 Bg2+ 65. Kh2 Rh6 66.
Kg3 Rg6+ 67. Kf2 Rf6 1/2-1/2

[Event "40th Olympiad Open"]
[Site "Istanbul TUR"]
[Date "2012.08.29"]
[Round "2.21"]
[Board "1"]
[White "Matamoros Franco, Carlos S."]
[Black "Ftacnik, Lubomir"]
[Result "0-1"]
[WhiteTitle "GM"]
[BlackTitle "GM"]
[WhiteElo "2548"]
[BlackElo "2532"]
[WhiteTeam "Ecuador"]
[BlackTeam "Slovakia"]
[WhiteFideId "3600017"]
[BlackFideId "14900017"]
[EventDate "2012.08.28"]

1. c4 c5 2. g3 Nc6 3. Bg2 g6 4. Nc3 Bg7 5. Nf3 e6 6. d3 Nge7 7. Bg5 d5 8. O-O h6
9. Bd2 b6 10. a3 O-O 11. Rb1 a5 12. Na4 Bd7 13. Qb3 Rb8 14. e3 Na7 15. Qc2 Bc6
16. b4 axb4 17. axb4 dxc4 18. dxc4 b5 19. Nb2 Qc7 20. bxc5 Rfc8 21. cxb5 Nxb5
22. Bb4 Qb7 23. Nh4 g5 0-1

[Event "40th Olympiad Open"]
[Site "Istanbul TUR"]
[Date "2012.08.29"]
[Round "2.21"]
[Board "2"]
[White "Petrik, Tomas"]
[Black "Guerra Tulcan, Lenin"]
[Result "1-0"]
[WhiteTitle "GM"]
[BlackTitle "FM"]
[WhiteElo "2529"]
[BlackElo "2424"]
[WhiteTeam "Slovakia"]
[BlackTeam "Ecuador"]
[WhiteFideId "14901625"]
[BlackFideId "3601382"]
[EventDate "2012.08.28"]

1. d4 Nf6 2. Nf3 e6 3. c4 c5 4. Nc3 cxd4 5. Nxd4 a6 6. g3 Qc7 7. Bg2 Be7 8. O-O
O-O 9. Bf4 d6 10. Nb3 Nbd7 11. Rc1 e5 12. Bg5 h6 13. Bxf6 Nxf6 14. Nd2 Be6 15.
Nde4 Nxe4 16. Bxe4 Rab8 17. b3 Qd7 18. Qd3 b5 19. cxb5 axb5 20. Nd5 Bxd5 21.
Bxd5 Rfc8 22. b4 Bg5 23. e3 Rc7 24. Rxc7 Qxc7 25. Rd1 Be7 26. Kg2 Bf8 27. Rd2
Rc8 28. Qf5 Rb8 29. Rc2 Qa7 30. Rc3 Qe7 31. Qc2 Qd8 32. Rc7 Be7 33. h4 e4 34.
Ra7 g6 35. Qxe4 1-0

[Event "40th Olympiad Open"]
[Site "Istanbul TUR"]
[Date "2012.08.29"]
[Round "2.21"]
[Board "4"]
[White "Jurcik, Marian"]
[Black "Mieles Palau, Daniel"]
[Result "1-0"]
[WhiteTitle "IM"]
[BlackTitle "IM"]
[WhiteElo "2486"]
[BlackElo "2370"]
[WhiteTeam "Slovakia"]
[BlackTeam "Ecuador"]
[WhiteFideId "14907518"]
[BlackFideId "3600467"]
[EventDate "2012.08.28"]

1. e4 c5 2. Nf3 d6 3. d4 cxd4 4. Nxd4 Nf6 5. Nc3 g6 6. Bc4 Bg7 7. O-O O-O 8. Re1
Nc6 9. Bb3 a6 10. Bg5 h6 11. Bh4 Nxd4 12. Qxd4 Nh5 13. Qe3 g5 14. Qf3 Nf4 15.
Bg3 Ng6 16. Qh5 Kh7 17. Rad1 Bxc3 18. bxc3 Qb6 19. h4 f6 20. hxg5 fxg5 21. Re3
Qc7 22. Rd5 Kg7 23. e5 1-0

[Event "40th Olympiad Open"]
[Site "Istanbul TUR"]
[Date "2012.08.29"]
[Round "2.24"]
[Board "1"]
[White "Megaranto, Susanto"]
[Black "Morovic Fernandez, Ivan"]
[Result "1/2-1/2"]
[WhiteTitle "GM"]
[BlackTitle "GM"]
[WhiteElo "2529"]
[BlackElo "2575"]
[WhiteTeam "Indonesia"]
[BlackTeam "Chile"]
[WhiteFideId "7101384"]
[BlackFideId "3405400"]
[EventDate "2012.08.28"]

1. d4 Nf6 2. Nf3 g6 3. Nc3 d5 4. Bf4 Bg7 5. e3 O-O 6. Be2 c5 7. dxc5 Nbd7 8. O-O
Nxc5 9. Be5 Nce4 10. Nxe4 dxe4 11. Qxd8 Rxd8 12. Nd4 Rd5 13. Bxf6 Bxf6 14. c3
Bd7 15. Rfd1 Rd8 16. Kf1 Ba4 17. Nb3 Rxd1+ 18. Rxd1 Rxd1+ 19. Bxd1 Be5 20. Ke1
Bxb3 21. Bxb3 e6 22. h4 Kf8 23. Kd2 Ke7 24. g3 h5 25. Bc2 f5 26. Bb3 Bf6 27. Bd1
Kd6 28. Be2 a5 29. a4 Kc5 30. Bd1 b6 31. Bb3 Kd6 32. Bd1 Ke5 1/2-1/2

[Event "40th Olympiad Open"]
[Site "Istanbul TUR"]
[Date "2012.08.29"]
[Round "2.24"]
[Board "2"]
[White "Vasquez Schroeder, Rodrigo"]
[Black "Purnama, Tirta Chandra"]
[Result "1-0"]
[WhiteTitle "GM"]
[BlackTitle "IM"]
[WhiteElo "2533"]
[BlackElo "2384"]
[WhiteTeam "Chile"]
[BlackTeam "Indonesia"]
[WhiteFideId "3400042"]
[BlackFideId "7101422"]
[EventDate "2012.08.28"]

1. e4 e5 2. Nf3 Nc6 3. Bb5 a6 4. Ba4 Nf6 5. O-O Be7 6. Re1 b5 7. Bb3 d6 8. c3
O-O 9. h3 Nb8 10. d4 Nbd7 11. Nbd2 Bb7 12. Bc2 Re8 13. Nf1 Bf8 14. Ng3 g6 15. a4
Qb8 16. b3 b4 17. Bb2 bxc3 18. Bxc3 Bg7 19. dxe5 Nxe5 20. b4 Nfd7 21. Nxe5 Nxe5
22. Bb3 Qd8 23. Rc1 Qh4 24. Bxe5 Bxe5 25. Bxf7+ Kxf7 26. Rxc7+ Re7 27. Rxb7 Rc8
28. Rxe7+ Kxe7 29. Qd5 Rc2 30. Re3 Rc1+ 31. Nf1 Qf4 32. g3 Qf7 33. Kg2 Qxd5 34.
exd5 Kd7 35. Rb3 Bd4 36. Ne3 h5 37. h4 Ke7 38. Kf3 Kf6 39. Ke4 Ba7 40. b5 axb5
41. axb5 Bb6 42. Kd3 Rc5 43. Rb4 Ke7 44. Re4+ Kf7 45. Re6 Rxb5 46. Rxd6 Bc5 47.
Kc4 Ra5 48. Re6 Be7 49. Re4 Ra4+ 50. Kd3 Ra3+ 51. Ke2 Ra2+ 52. Kf3 Rd2 53. Nc4
Rxd5 54. Ne5+ Kg7 55. Nxg6 Bf6 56. Nf4 Ra5 57. Re2 Ra3+ 58. Kg2 Ra5 59. Rd2 Bc3
60. Rd7+ Kh6 61. Rd6+ Kh7 62. Rd5 Rxd5 63. Nxd5 Be1 64. Kf1 Ba5 65. Ke2 Kh6 66.
Nf4 Bb4 67. Nd3 Bc3 68. Ke3 Ba5 69. Ke4 Kg6 70. Nf4+ Kh6 71. Kf5 Be1 72. Nd3 Ba5
73. f3 Bd8 74. Nf4 Be7 75. Ng2 Bc5 76. g4 hxg4 77. fxg4 Bf2 78. Kf4 Bb6 79. g5+
Kh5 80. Kg3 Kg6 81. Kg4 Bf2 82. Nf4+ Kf7 83. h5 Be1 84. h6 Bc3 85. Kf5 Bb2 86.
Ne6 Bc3 87. g6+ Kg8 88. Ng5 1-0

[Event "40th Olympiad Open"]
[Site "Istanbul TUR"]
[Date "2012.08.29"]
[Round "2.24"]
[Board "3"]
[White "Halay, Taufik"]
[Black "Flores Rios, Mauricio"]
[Result "0-1"]
[WhiteTitle "IM"]
[BlackTitle "GM"]
[WhiteElo "2361"]
[BlackElo "2498"]
[WhiteTeam "Indonesia"]
[BlackTeam "Chile"]
[WhiteFideId "7101392"]
[BlackFideId "3408027"]
[EventDate "2012.08.28"]

1. d4 Nf6 2. c4 g6 3. Nc3 Bg7 4. e4 d6 5. f4 O-O 6. Nf3 c5 7. d5 e6 8. Be2 exd5
9. cxd5 Bg4 10. O-O Bxf3 11. Bxf3 Nbd7 12. Be3 Ne8 13. Qd2 a6 14. Rae1 b5 15. e5
dxe5 16. d6 Rb8 17. fxe5 Bxe5 18. Bg5 f6 19. Bh6 Ng7 20. Bd5+ Kh8 21. Rf3 Bd4+
22. Kh1 Ne5 23. Rh3 Nf5 24. Rf1 Nxh6 25. Qxh6 Qd7 26. Ne4 Ng4 27. Qh4 Ne3 28.
Rxe3 Bxe3 29. Rxf6 Bd4 30. Rf3 Rxf3 31. gxf3 Qf5 32. Ng5 Qb1+ 33. Kg2 Qg1+ 34.
Kh3 Qf1+ 35. Kg4 h5+ 36. Kf4 Qc1+ 37. Kg3 Qe1+ 0-1

[Event "40th Olympiad Open"]
[Site "Istanbul TUR"]
[Date "2012.08.29"]
[Round "2.25"]
[Board "1"]
[White "Cuartas, Jaime Alexander"]
[Black "Rodriguez Vila, Andres"]
[Result "0-1"]
[WhiteTitle "GM"]
[BlackTitle "GM"]
[WhiteElo "2521"]
[BlackElo "2536"]
[WhiteTeam "Colombia"]
[BlackTeam "Uruguay"]
[WhiteFideId "4401190"]
[BlackFideId "3000010"]
[EventDate "2012.08.28"]

1. e4 e6 2. d4 d5 3. exd5 exd5 4. Nf3 Nc6 5. Bb5 Ne7 6. O-O Bg4 7. h3 Bh5 8. Bf4
f6 9. c3 Qd7 10. Nbd2 O-O-O 11. b4 Kb8 12. Bh2 Nc8 13. Nb3 Bd6 14. Nc5 Bxh2+ 15.
Kxh2 Qd6+ 16. g3 Rhe8 17. Kg2 g5 18. a4 Nb6 19. Qb3 Nc4 20. Bxc4 dxc4 21. Qxc4
Ne7 22. Nd2 Qd5+ 23. Qxd5 Nxd5 24. Rfc1 Re2 25. Nf1 Bg6 26. b5 Rb2 27. c4 Nb4
28. Rd1 Nc2 29. Rd2 Rb4 30. Rxc2 Bxc2 31. Ne3 Bg6 32. d5 Kc8 33. a5 Re8 34. a6
b6 35. Ne6 Rb2 36. Kf1 Bd3+ 37. Kg1 Rd2 38. Rc1 Kd7 39. g4 Be4 40. Rc3 Kc8 41.
Rc1 Kd7 42. Rc3 Rh8 43. Ng7 Rf8 44. Ne6 Rf7 45. Rc1 h6 46. Nf1 Rb2 47. Nd4 Rb1
48. Rxb1 Bxb1 49. Nc6 Rf8 50. Nxa7 Kd6 51. Ne3 Kc5 52. Nc6 Bd3 53. d6 cxd6 54.
a7 Be4 55. Nb8 Rf7 56. Na6+ Kd4 57. Nf5+ Ke5 58. f4+ gxf4 59. Nxd6 Kxd6 60. c5+
bxc5 61. b6 c4 0-1

[Event "40th Olympiad Open"]
[Site "Istanbul TUR"]
[Date "2012.08.29"]
[Round "2.25"]
[Board "2"]
[White "Crosa Coll, Martin"]
[Black "Zapata, Alonso"]
[Result "0-1"]
[WhiteTitle "IM"]
[BlackTitle "GM"]
[WhiteElo "2344"]
[BlackElo "2481"]
[WhiteTeam "Uruguay"]
[BlackTeam "Colombia"]
[WhiteFideId "3000524"]
[BlackFideId "4400011"]
[EventDate "2012.08.28"]

1. e4 c5 2. Nf3 e6 3. c3 d5 4. exd5 exd5 5. d4 c4 6. b3 cxb3 7. axb3 Nc6 8. Bb5
Bd6 9. O-O Ne7 10. Ba3 O-O 11. Re1 Bg4 12. Nbd2 a6 13. Bd3 Ng6 14. Qb1 Bxa3 15.
Rxa3 Qd6 16. b4 Rae8 17. Rxe8 Rxe8 18. Ra2 Bd7 19. Nb3 Na7 20. Nc5 Bc6 21. Re2
Rxe2 22. Bxe2 Qe7 23. Bd3 Bb5 24. g3 b6 25. Nxa6 Qb7 26. Bxb5 Nxb5 27. Qa1 Qc8
28. Qa4 Nxc3 29. Qb3 Ne2+ 30. Kf1 Nef4 31. gxf4 Qxa6+ 32. b5 Qa1+ 33. Kg2 Nxf4+
34. Kg3 Ne2+ 35. Kg4 Qc1 36. Qxd5 Qc8+ 37. Kh4 Nf4 0-1